On historical materialism /

Bibliographic Details
Main Author: Engels, Friedrich, 1820-1895
Format: Book
Language:English
Published: New York : AMS Press, 1979.
Subjects:

MARC

Tag First Indicator Second Indicator Subfields
LEADER 00000pam a2200000 i 4500
001 in00003445821
005 20151206103307.0
008 790417r19791892nyu b 00010 eng
010 |a  76042699  
020 |a 0404153704 
040 |d UtOrBLW 
082 0 |a 335.4/11 
090 |a D16.9  |b .E57 1979 
100 1 |a Engels, Friedrich,  |d 1820-1895. 
240 1 0 |a Historical materialism 
245 1 0 |a On historical materialism /  |c by Frederick Engels. 
264 1 |a New York :  |b AMS Press,  |c 1979. 
300 |a 30 pages ;  |c 18 cm. 
336 |a text  |b txt  |2 rdacontent 
337 |a unmediated  |b n  |2 rdamedia 
338 |a volume  |b nc  |2 rdacarrier 
500 |a First published in 1892 as an introduction to the author's Socialism, utopian and scientific, and later published in 1916 under title: Historical materialism. 
500 |a Reprint of the 1940 edition published by International Publishers, New York. 
650 0 |a Historical materialism. 
740 0 |a Historical materialism. 
999 |a MARS 
999 f f |s b75c60b5-188e-346c-a2b0-f755de73a830  |i 742b1146-e8ac-3079-b587-090d0d1780be  |t 0 
952 f f |p ric  |a Texas A&M University  |b Rellis Campus  |c Joint Library Facility  |d Remote Storage  |t 0  |e D16.9 .E57 1979  |h Library of Congress classification  |i unmediated -- volume  |m 32060002988695 
998 f f |a D16.9 .E57 1979  |t 0  |l Remote Storage